Tennis - Le top 20 du classement ATP au 1er janvier 2003 - Statistiques

Statistiques générales
  • Ce quiz a été pris 9 fois
  • Le résultat moyen est 10 sur 20
Statistiques - réponses
Rang Joueur Pays Âge Points % Correct
2 Andre Agassi États-Unis 32 3 395
100%
6 Roger Federer Suisse 21 2 590
100%
1 Lleyton Hewitt Australie 21 4 485
89%
13 Pete Sampras États-Unis 31 1 735
89%
10 Andy Roddick États-Unis 20 2 045
78%
4 Juan Carlos Ferrero Espagne 22 2 740
78%
3 Marat Safin Russie 22 2 845
67%
5 Carlos Moya Espagne 26 2 630
56%
17 Sébastien Grosjean France 24 1 640
56%
12 David Nalbandian Argentine 21 1 775
44%
8 Tim Henman Royaume-Uni 28 2 215
44%
14 Thomas Johansson Suède 27 1 725
33%
9 Albert Costa Espagne 27 2 070
22%
19 Alex Corretja Espagne 28 1 555
22%
18 Fernando Gonzalez Chili 22 1 636
22%
16 Paradorn Srichaphan Thaïlande 23 1 646
22%
11 Tommy Haas Allemagne 24 2 020
22%
15 Guillermo Canas Argentine 25 1 725
11%
7 Jiri Novak Tchéquie 27 2 335
11%
20 Sjeng Schalken Pays-Bas 26 1 525
11%
Aucun quiz correspondant
Distribution des résultats
% des personnes avec chaque résultat
Percentile par nombre de réponses
Votre historique - résultats
Vous n’avez pas pris ce quiz